[Event "Regionalliga SO 0809"]
[Site "Bayern"]
[Date "2008.12.14"]
[Round "4.6"]
[White "Lanzinner, Denis"]
[Black "Kramer, Melik Kurt"]
[Result "1/2-1/2"]
[WhiteElo "1971"]
[BlackElo "1955"]
[PlyCount "28"]
[EventDate "2008.10.05"]
[EventType "team-tourn"]
[EventRounds "9"]
[EventCountry "GER"]
[SourceTitle "EXT 2020"]
[Source "ChessBase"]
[SourceDate "2019.10.17"]
[SourceVersion "1"]
[SourceVersionDate "2019.10.17"]
[SourceQuality "1"]
[WhiteTeam "Freising"]
[BlackTeam "Ebersberg"]
[WhiteTeamCountry "GER"]
[BlackTeamCountry "GER"]

1. e4 d5 2. exd5 Qxd5 3. Nc3 Qd6 4. d4 a6 5. g3 Nf6 6. Bf4 Qd8 7. Bg2 e6 8. Nf3 Be7 9. Qe2 c6 10. 0-0-0 Nd5 11. Bd2 Nd7 12. Ne5 N7f6 13. f4 Nxc3 14. Bxc3 0-0 1/2-1/2

[Event "Landesliga Sued 0405"]
[Site "Bayern"]
[Date "2004.10.24"]
[Round "1.6"]
[White "Buchweitz, Joerg"]
[Black "Lanzinner, Denis"]
[Result "1-0"]
[WhiteElo "2123"]
[BlackElo "1957"]
[PlyCount "149"]
[EventDate "2004.10.24"]
[EventType "team-tourn"]
[EventRounds "9"]
[EventCountry "GER"]
[SourceTitle "EXT 2007"]
[Source "ChessBase"]
[SourceDate "2006.11.23"]
[SourceVersion "1"]
[SourceVersionDate "2006.11.23"]
[SourceQuality "1"]
[WhiteTeam "Bayern Muenchen II"]
[BlackTeam "Freising"]
[WhiteTeamCountry "GER"]
[BlackTeamCountry "GER"]

1. Nf3 c5 2. g3 b6 3. Bg2 Bb7 4. 0-0 Nf6 5. c4 e6 6. Nc3 d6 7. d3 Be7 8. e4 a6 9. Ne1 Nfd7 10. f4 0-0 11. Nf3 f5 12. Qe2 Nc6 13. exf5 exf5 14. Nd5 Rf7 15. Re1 Bf6 16. Be3 h6 17. Rad1 Na5 18. Nxf6+ Nxf6 19. Nh4 Bxg2 20. Qxg2 Qc8 21. Bd2 Nb7 22. Bc3 Qd7 23. Re2 Re8 24. Rde1 Rxe2 25. Rxe2 Kh7 26. Qf3 g6 27. h3 Ng8 28. Ng2 Nd8 29. Ne3 Ne7 30. d4 b5 31. b3 bxc4 32. Nxc4 cxd4 33. Bxd4 Ndc6 34. Bb2 d5 35. Ne5 Nxe5 36. Rxe5 Nc6 37. Rxd5 Qa7+ 38. Kg2 Re7 39. Rd2 Qc5 40. Qd3 Re1 41. Qd7+ Ne7 42. Qd4 Qxd4 43. Bxd4 Nc6 44. Bf2 Re6 45. Rd7+ Kg8 46. Kf3 g5 47. Rd5 gxf4 48. gxf4 Nb4 49. Ra5 Kh7 50. Bc5 Nd3 51. Bf2 Kg6 52. a3 Nxf2 53. Kxf2 Kf6 54. Rc5 Kg6 55. b4 Rd6 56. Rc3 Kh5 57. Rb3 Kh4 58. a4 Rd4 59. Ke3 Re4+ 60. Kf3 Re6 61. b5 axb5 62. axb5 Rb6 63. Kf2 h5 64. Ke3 Re6+ 65. Kd3 Rd6+ 66. Kc3 Rb6 67. Kb2 Rg6 68. b6 Rg2+ 69. Ka3 Ra2+ 70. Kb4 Ra4+ 71. Kc5 Rc4+ 72. Kd6 Rc6+ 73. Ke5 Re6+ 74. Kxf5 Rf6+ 75. Ke5 1-0

[Event "Regionalliga SO 0304"]
[Site "Bayern"]
[Date "2003.10.12"]
[Round "1.6"]
[White "Palmi, Herbert"]
[Black "Lanzinner, Denis"]
[Result "1/2-1/2"]
[WhiteElo "1945"]
[BlackElo "1857"]
[PlyCount "111"]
[EventDate "2003.10.??"]
[EventType "team"]
[EventRounds "9"]
[EventCountry "GER"]
[SourceTitle "EXT 2006"]
[Source "ChessBase"]
[SourceDate "2005.11.24"]
[SourceVersion "1"]
[SourceVersionDate "2005.11.24"]
[SourceQuality "1"]
[WhiteTeam "Bayerwald"]
[BlackTeam "Freising"]
[WhiteTeamCountry "GER"]
[BlackTeamCountry "GER"]

1. Nf3 c5 2. c4 Nf6 3. e3 Nc6 4. d4 cxd4 5. exd4 d5 6. cxd5 Nxd5 7. a3 g6 8. b4 a6 9. Bb2 Bg7 10. Nbd2 0-0 11. Nb3 Bg4 12. h3 Bxf3 13. Qxf3 e5 14. dxe5 Nxe5 15. Bxe5 Bxe5 16. Rd1 Bc3+ 17. Nd2 Re8+ 18. Be2 Qe7 19. 0-0 Qxe2 20. Qxe2 Rxe2 21. Nb1 Bxb4 22. Rxd5 Bf8 23. Rd3 Ra2 24. Rb3 b5 25. g3 Rc8 26. Kg2 Rcc2 27. g4 Bc5 28. Rf3 a5 29. h4 b4 30. axb4 axb4 31. h5 h6 32. hxg6 fxg6 33. Kg3 Kg7 34. Kg2 Rcb2 35. Rc1 Rxf2+ 36. Rxf2 Rxf2+ 37. Kg3 Rb2 38. Rxc5 Rxb1 39. Rc7+ Kf6 40. Rc6+ Kg5 41. Rc5+ Kf6 42. Rc6+ Ke5 43. Rxg6 b3 44. Rb6 b2 45. Kg2 Kf4 46. Rb4+ Ke3 47. Rb7 Kf4 48. Rb4+ Kg5 49. Kh2 h5 50. gxh5 Kxh5 51. Rb5+ Kg4 52. Kg2 Kf4 53. Rb4+ Ke3 54. Rb7 Kd4 55. Rd7+ Kc5 56. Rb7 1/2-1/2

[Event "Passau op 8th"]
[Site "Passau"]
[Date "2000.04.23"]
[Round "5"]
[White "Buecherl, Konstantin"]
[Black "Lanzinner, Denis"]
[Result "1/2-1/2"]
[WhiteElo "1721"]
[BlackElo "1287"]
[PlyCount "60"]
[EventDate "2000.04.21"]
[EventType "swiss"]
[EventRounds "7"]
[EventCountry "GER"]
[SourceTitle "CBM 076 Extra"]
[Source "ChessBase"]
[SourceDate "2000.07.11"]
[SourceVersion "1"]
[SourceVersionDate "2000.07.11"]
[SourceQuality "1"]

1. d4 Nf6 2. c4 g6 3. Nc3 Bg7 4. g3 0-0 5. Bg2 d6 6. Nf3 Nc6 7. 0-0 e5 8. d5 Ne7 9. e4 Ne8 10. Ne1 f5 11. Nd3 fxe4 12. Nxe4 Nf6 13. f4 Nxe4 14. Bxe4 exf4 15. Nxf4 Nf5 16. Qd3 Re8 17. Ne6 Bxe6 18. dxe6 Nd4 19. Rf7 Nxe6 20. Qf1 Nc5 21. Bd5 Ne6 22. Bxb7 Rb8 23. Bd5 Kh8 24. Qh3 Ng5 25. Bxg5 Qxg5 26. Qd7 Qe5 27. Qxc7 Rxb2 28. Raf1 Qe2 29. R1f2 Qe1+ 30. Rf1 Qe2 1/2-1/2

[Event "Passau op 8th"]
[Site "Passau"]
[Date "2000.04.21"]
[Round "2"]
[White "Gretzinger, Heinz"]
[Black "Lanzinner, Denis"]
[Result "1/2-1/2"]
[WhiteElo "1765"]
[BlackElo "1287"]
[PlyCount "83"]
[EventDate "2000.04.21"]
[EventType "swiss"]
[EventRounds "7"]
[EventCountry "GER"]
[SourceTitle "CBM 076 Extra"]
[Source "ChessBase"]
[SourceDate "2000.07.11"]
[SourceVersion "1"]
[SourceVersionDate "2000.07.11"]
[SourceQuality "1"]

1. d4 Nf6 2. c4 g6 3. Nc3 Bg7 4. e4 d6 5. Be2 0-0 6. Bg5 Na6 7. h3 c5 8. d5 Bd7 9. f4 Nc7 10. e5 Nfe8 11. Nf3 f6 12. exf6 exf6 13. Bh4 a6 14. a4 Qc8 15. a5 f5 16. 0-0 Nf6 17. Qc2 Qe8 18. Bf2 h6 19. Bd3 Qf7 20. Rae1 Rae8 21. Ne5 dxe5 22. fxe5 Nh5 23. e6 Bxe6 24. dxe6 Nxe6 25. Ne2 Qc7 26. g4 Nhf4 27. gxf5 Nxh3+ 28. Kh1 gxf5 29. Bxf5 Nxf2+ 30. Rxf2 Nd4 31. Bh7+ Kh8 32. Rxf8+ Rxf8 33. Nxd4 Bxd4 34. Be4 Qxa5 35. Qe2 Qd8 36. Qh2 Qf6 37. Bxb7 Qf1+ 38. Rxf1 Rxf1+ 39. Kg2 Rf2+ 40. Kh3 Rxh2+ 41. Kxh2 Bxb2 42. Bxa6 1/2-1/2

[Event "Passau op 8th"]
[Site "Passau"]
[Date "2000.04.21"]
[Round "1"]
[White "Lanzinner, Denis"]
[Black "Germann, Heike"]
[Result "0-1"]
[WhiteElo "1287"]
[BlackElo "2040"]
[PlyCount "114"]
[EventDate "2000.04.21"]
[EventType "swiss"]
[EventRounds "7"]
[EventCountry "GER"]
[SourceTitle "CBM 076 Extra"]
[Source "ChessBase"]
[SourceDate "2000.07.11"]
[SourceVersion "1"]
[SourceVersionDate "2000.07.11"]
[SourceQuality "1"]

1. e4 c5 2. Nf3 Nc6 3. d4 cxd4 4. Nxd4 g6 5. Nc3 Bg7 6. Be3 Nf6 7. Nb3 0-0 8. Be2 d6 9. f4 Bd7 10. 0-0 Rc8 11. h3 a6 12. Bf3 b5 13. Nd5 Nxd5 14. exd5 Na5 15. Bd4 Nc4 16. Bxg7 Kxg7 17. Qd4+ Kg8 18. Be4 Qb6 19. Qxb6 Nxb6 20. Rf2 Rc7 21. Rd1 Rfc8 22. c3 b4 23. cxb4 Ba4 24. Bd3 Bxb3 25. axb3 Rc1 26. Rff1 Rxd1 27. Rxd1 Ra8 28. Be4 Nd7 29. Rc1 Nf6 30. Bf3 Rb8 31. Rc6 Rxb4 32. Rxa6 Rxb3 33. Ra7 Kf8 34. Ra8+ Kg7 35. Ra7 Ng8 36. Ra2 f5 37. Kf2 Nf6 38. Ke2 Kf7 39. Kf1 Rb5 40. Ke2 Nxd5 41. Bxd5+ Rxd5 42. b3 Rb5 43. Rb2 e5 44. fxe5 dxe5 45. b4 Ke6 46. Kd3 Kd5 47. Kc3 Rb7 48. Rd2+ Ke4 49. Kc4 Kf4 50. Kc5 e4 51. b5 e3 52. Rd4+ Kg3 53. Rd3 Kf2 54. Rb3 e2 55. Rb2 Kf1 56. Rb1+ e1Q 57. Rxe1+ Kxe1 0-1